000 01181cad a22002175a 4500
001 L147679
008 080501s2009 xxkd f s 000 0 eng d
035 _a(Sirsi) u147679
041 0 _aeng
050 0 4 _a332.6324 $2 18
110 2 _aInvestment Property Databank
_92288
245 0 0 _aIPD UK residential investment index 2008
_h[electronic resource]
260 _aLondon
_bIPD
_c2009
520 _aThe IPD UK Residential Index is now in its eighth year. The Index accurately measures the total performance achieved by large-scale investors in UK residential property. The Index is not a simple price index but also takes into account net income and expenditure on the assets. This holistic approach allows investors to draw like-for-like comparisons with returns from commercial property and other asset classes.
590 _aKA HMS
650 2 4 _aIPD UK RESIDENTIAL INVESTMENT INDEX
651 4 _aUnited Kingdom
_y
690 _aPROPERTY-RESIDENTIAL PROPERTY-RESIDENTIAL PROPERTY FINANCE AND INVESTMENT
856 4 0 _uhttps://www.ipd.com/OurProducts/Indices/UnitedKingdom/UKResidential/tabid/1006/Default.aspx
_zView the item free of charge at www.ipd.com...
942 _n0
999 _c109678
_d109678